Normal view
MARC view
- The American Constitution Laws
Entry Topical Term
001 - CONTROL NUMBER
- control field: 127981
003 - CONTROL NUMBER IDENTIFIER
- control field: NUST
005 - DATE AND TIME OF LATEST TRANSACTION
- control field: 20250226123030.0
008 - FIXED-LENGTH DATA ELEMENTS
- fixed length control field: 250226|| aca||aabn | a|a d
040 ## - CATALOGING SOURCE
- Original cataloging agency: NUST
- Transcribing agency: NUST
150 ## - HEADING--TOPICAL TERM
- Topical term or geographic name entry element: The American Constitution Laws
670 ## - SOURCE DATA FOUND
- Source citation: Work cat.: (NUST): Anwar Sohail 127980, The American Constitution Laws/, 2021.
